Normal view
MARC view
- Arthur, King
Entry Personal Name
001 - CONTROL NUMBER
- control field: 12932
003 - CONTROL NUMBER IDENTIFIER
- control field: NUST
005 - DATE AND TIME OF LATEST TRANSACTION
- control field: 20190103055744.0
008 - FIXED-LENGTH DATA ELEMENTS
- fixed length control field: 190103|| aca||aabn | a|a d
040 ## - CATALOGING SOURCE
- Original cataloging agency: NUST
- Transcribing agency: NUST
100 ## - HEADING--PERSONAL NAME
- Personal name: Arthur, King
- Form subdivision: Fiction.
670 ## - SOURCE DATA FOUND
- Source citation: Work cat.: (NUST)0: Reeve, Philip. 12890, Here lies Arthur /, 2008.
